000 01099nam a2200277Ia 4500
003 OSt
005 20221002045642.0
006 a|||||r|||| 00| 0
007 ta
008 220930b |||||||| |||| 00| 0 hin d
020 _a9788126340286 (hbk)
_cIndian Rupees 1220
024 _a44150
037 _bGift, 06/06/2019,
_cReference Collections
040 _aCRL
_cCRL
_bhin
041 _2hin
_ahin
082 _aO152,1N11x, Q2.7-.9(RR)
100 _aपालीवाल, कृष्णदत्त, संपा.
245 0 _aअज्ञेय रचनावली
260 _aदिल्ली
_b भारतीय ज्ञानपीठ
_c2012
490 _vखंड 7
500 _aलोकोदय ग्रन्थमाला; ग्रन्थांक 1103
650 _a हिन्दी साहित्य
650 _aहिन्दी कविता
942 _hO152,1N11x, Q2.7-.9(RR)
_cref
_2CC
999 _c912898
_d912898